00654nam a2200217Ia 4500003000400000005001700004008004100021040000700062041000800069082001900077245004700096260004500143300001100188365000800199650001600207650002800223906004800251942001200299999001900311952010600330OSt20230606110224.0210423s1984 xx 000 0 und d cAL aeng a340 223bGOVA aAnnual volume of mysore acts and ordinance aKarnatakabGovernment Of Karnatakac1984 aiv,181 cINR aLaw9120068 aSocial Sciences9120069 aacts ; Annual ; mysore ; ordinance ; volume 2ddccBK c174901d174901 001040708MSWaSACPGbSACPGd2007-11-12l0o340 GOVApPG021590r2022-08-24 00:00:00w2021-04-26yBK